Κοινά μοτίβα σχεδιασμού εφαρμογών φορητών συσκευών : προτυποποίηση εφαρμογών για διαδικτυακό εργαλείο δημιουργίας και διαχείρισης εφαρμογών : διπλωματική εργασία
Μελέτη και σχεδιασμός κοινών προτύπων σχεδιασμού και οι προαπαιτήσεις για την ανάπτυξη εφαρμογών για τις πλατφόρμες λογισμικού φορητών συσκευών: iPhone, Android και Windows Phone....
Αποθηκεύτηκε σε:
| Κύριος συγγραφέας: | |
|---|---|
| Συγγραφή απο Οργανισμό/Αρχή: | |
| Μορφή: | Thesis Βιβλίο |
| Γλώσσα: | Greek |
| Δημοσίευση: |
2014.
|
| Θέματα: | |
| Διαθέσιμο Online: | http://hdl.handle.net/11610/9224 |
| Ετικέτες: |
Προσθήκη ετικέτας
Δεν υπάρχουν, Καταχωρήστε ετικέτα πρώτοι!
|
MARC
| LEADER | 00000cam a2200000 a 4500 | ||
|---|---|---|---|
| 001 | 1/108477 | ||
| 008 | 150908s2014####gr | ||| |||| ||gre|| | ||
| 040 | |a GR-MyUa |b gre |c GR-MyUa |e AACR2 | ||
| 041 | 0 | |a gre | |
| 082 | 7 | |a 005.437 |2 (23) | |
| 100 | 1 | |a Παπαδοπούλου, Αιμιλία Μιχ. | |
| 245 | 1 | 0 | |a Κοινά μοτίβα σχεδιασμού εφαρμογών φορητών συσκευών : |b προτυποποίηση εφαρμογών για διαδικτυακό εργαλείο δημιουργίας και διαχείρισης εφαρμογών : διπλωματική εργασία / |c Αιμιλία Παπαδοπούλου ; επιβλέπων καθηγητής Παναγιώτης Κουτσαμπάσης. |
| 260 | |c 2014. | ||
| 300 | |a 269 φύλλα : |b εικ. ; |c 30 εκ. | ||
| 502 | |a Πτυχιακή εργασία - Πανεπιστήμιο Αιγαίου, Σύρος, 2014. | ||
| 504 | |a Βιβλιογραφία: σ. 204-207. | ||
| 520 | 8 | |a Μελέτη και σχεδιασμός κοινών προτύπων σχεδιασμού και οι προαπαιτήσεις για την ανάπτυξη εφαρμογών για τις πλατφόρμες λογισμικού φορητών συσκευών: iPhone, Android και Windows Phone. | |
| 650 | 0 | |a Mobile computing. | |
| 650 | 0 | |a User interfaces (Computer systems) | |
| 650 | 0 | |a Application software |x Development. | |
| 650 | 0 | |a Software patterns. | |
| 650 | 0 | |a Dissertations, Academic |z Greece. | |
| 700 | 1 | |a Κουτσαμπάσης, Παναγιώτης, |e dgs | |
| 710 | 2 | |a Πανεπιστήμιο Αιγαίου. |b Τμήμα Μηχανικών Σχεδίασης Προϊόντων και Συστημάτων. | |
| 852 | |a INST |b SYROS |c DIATR |e 20150908 |h 005.437 ΠΑΠ |p 005500012052 |q 005500012052 |t DIE |y 23 | ||
| 856 | |u http://hdl.handle.net/11610/9224 | ||
| 924 | |a Παπαδοπούλου |b Αιμιλία |y Σύρος |z 2015-05 | ||
| 970 | |a Κοντού |b Παρασκευή |z 08/09/2015 | ||